|
|
|
|
| LEADER |
00000cam a2200000 a 4500 |
| 001 |
1/119321 |
| 008 |
190625s1987####gr | ||| |||| ||gre|| |
| 040 |
|
|
|a GR-MyUa
|b gre
|c GR-MyUa
|e AACR2
|
| 041 |
0 |
|
|a gre
|
| 082 |
7 |
|
|a 270.82092093912
|2 (23)
|
| 100 |
0 |
|
|a Γεράσιμος Ιβηρίτης,
|c Μοναχός.
|
| 245 |
1 |
0 |
|a Παπα-Μάξιμος :
|b πνευματικός και προσμονάριος της Πορταΐτισσας των Ιβήρων /
|c [Μοναχός Γεράσιμος Ιβηρίτης ο εκ Θεσσαλονίκης].
|
| 260 |
|
|
|a Άγιον Όρος ;
|a Θεσσαλονίκη :
|b [χ.ό.],
|c 1987.
|
| 300 |
|
|
|a 182 σ. :
|b εικ. (μερ. εγχρ.) ;
|c 21 εκ.
|
| 600 |
0 |
7 |
|2 nlgaf
|a Μάξιμος,
|c Ιερομόναχος Ιβηρίτης,
|d 1902-1999.
|
| 610 |
2 |
0 |
|a Orthodox Eastern Church
|z Greece
|x Clergy
|x Biography.
|
| 650 |
|
0 |
|a Christian biography.
|
| 852 |
|
|
|a INST
|b LEMNOS
|e 20190625
|h 270.82092093912
|p 005600002203
|q 005600002203
|t BK
|y 0
|
| 970 |
|
|
|a Ξενιτοπούλου
|b Κωνσταντία
|z 25/06/2019
|